000 00990nam a2200301Ia 4500
001 C0491
003 IT-RoPAU
008 130308s9999 xx 000 0 und d
040 _aIT-RoPAU
040 _cIT-RoPAU
041 _aITALIANO
100 _aPistilli Pio Francesco
100 _gCodice Aut. SPICS: 40052
245 _aArchitettura a Roma nella prima metà del Duecento (L') (1198-1254)
245 _bRoma nel Duecento-L'Arte nella Citta' dei Papi da Innocenzo III a Bonifacio Viii
250 _a1a ed.
260 _aTORINO
260 _bSeat - Stet
260 _c1991 [1° Ed.:1991 - Ed.Ling.Originale:1991]
300 _a"71 p. (prefazione: no ; testo: 71 [pagine: 1-71])"
500 _aSotto Innocenzo III (1198/1216), Onorio III (1216/1227), Gregorio Ix (1227/1241), Celestino Iv (1241) e Innocenzo Iv (1243/1254).
650 _aSTORIA DELLE ARTI VISIVE
650 _eCodice materia Spics: 5008
942 _cBK
957 _71
999 _c47089
_d47089
999 _bSI
999 _g1